BIBLIOTECA

SENCICO

Manual de referencia sobre conceptos ambientales (Registro nro. 2797)

Detalles MARC
000 -LEADER
fixed length control field 00732nam a2200193Ia 4500
005 - DATE AND TIME OF LATEST TRANSACTION
control field 20251020182553.0
008 - FIXED-LENGTH DATA ELEMENTS--GENERAL INFORMATION
fixed length control field 200515s9999 xx 000 0 und d
082 ## - DEWEY DECIMAL CLASSIFICATION NUMBER
Classification number R/658.562.92/Q9
100 ## - MAIN ENTRY--PERSONAL NAME
Personal name QUIROZ PERALTA, César A.
245 #0 - TITLE STATEMENT
Title Manual de referencia sobre conceptos ambientales
260 ## - PUBLICATION, DISTRIBUTION, ETC.
Place of publication, distribution, etc. Santafé de Bogotá, D.C.
260 ## - PUBLICATION, DISTRIBUTION, ETC.
Date of publication, distribution, etc. 1992
300 ## - PHYSICAL DESCRIPTION
Extent 136
520 ## - SUMMARY, ETC.
Summary, etc. Se hace una explicación, al mismo tiempo concisa y comprensiva, de los términos frecuentemente utilizados con referencia al tratamiento de las interrelaciones entre ambiente, sociedad y desarrollo, tomado éste fundamentalmente como desarrollo a escala hum
650 ## - SUBJECT ADDED ENTRY--TOPICAL TERM
Topical term or geographic name entry element DICCIONARIOS
650 ## - SUBJECT ADDED ENTRY--TOPICAL TERM
Topical term or geographic name entry element LIB
650 ## - SUBJECT ADDED ENTRY--TOPICAL TERM
Topical term or geographic name entry element MEDIO AMBIENTE
942 ## - ADDED ENTRY ELEMENTS (KOHA)
Koha item type Libros
Existencias
Fecha de la última vez que lo usaron Pago total Signatura topográfica completa Código de barras Precio efectivo desde Tipo de documento Estado perdido Estado dañado No es para préstamo Retirado Ubicación permanente Ubicación actual Fecha de adquisición
15/05/2020   R/658.562.92/Q9 Bib-Lima15052797 15/05/2020 Libros         Biblioteca Central Lima Biblioteca Central Lima 15/05/2020